[Event "Pfalz op 03rd"]
[Site "Neustadt an der Weinstrasse"]
[Date "2012.03.03"]
[Round "5"]
[White "Fell, Fabian"]
[Black "Kugel, Norbert"]
[Result "0-1"]
[WhiteElo "1784"]
[BlackElo "1966"]
[PlyCount "144"]
[EventDate "2012.02.17"]
[EventType "swiss"]
[EventRounds "9"]
[EventCountry "GER"]
[SourceTitle "EXT 2013"]
[Source "ChessBase"]
[SourceDate "2012.11.22"]
[SourceVersion "1"]
[SourceVersionDate "2012.11.22"]
[SourceQuality "1"]

1. e4 c5 2. d4 e6 3. c3 d5 4. e5 Nc6 5. Nf3 Bd7 6. Bd3 Qb6 7. Bc2 cxd4 8. cxd4 Nb4 9. Ba4 Qa6 10. Bxd7+ Kxd7 11. Qd2 Nh6 12. h3 Rc8 13. Nc3 Nd3+ 14. Kd1 Qc4 15. a3 Be7 16. Kc2 Nxc1 17. Raxc1 Rc7 18. Kb1 Rhc8 19. Na2 Qb5 20. Rxc7+ Rxc7 21. Ka1 f6 22. Rd1 Nf7 23. exf6 gxf6 24. Qd3 Qxd3 25. Rxd3 Rc2 26. Rd2 Rc4 27. b3 Rc7 28. Kb2 Nd6 29. Nc3 a6 30. a4 b5 31. axb5 axb5 32. Rc2 Bd8 33. Nd1 Ra7 34. Ne3 Ne4 35. Ne1 Bb6 36. Nf3 Ng5 37. Nxg5 Bxd4+ 38. Kc1 fxg5 39. Rd2 Ra1+ 40. Kc2 Bxe3 41. fxe3 Ra2+ 42. Kd1 Rxd2+ 43. Kxd2 Kd6 44. b4 Ke5 45. Kd3 h5 46. g3 Kd6 47. Kd4 e5+ 48. Kd3 Ke6 49. Kc3 Kf5 50. Kd3 g4 51. h4 Ke6 52. Kc3 Kf5 53. Kd2 e4 54. Kc2 Ke6 55. Kd2 Kd6 56. Kc2 d4 57. exd4 Kd5 58. Kc3 e3 59. Kd3 e2 60. Kxe2 Kxd4 61. Kd2 Kc4 62. Ke3 Kxb4 63. Kf4 Kc3 64. Kg5 b4 65. Kxh5 b3 66. Kxg4 b2 67. Kg5 b1Q 68. h5 Qh7 69. g4 Kd4 70. h6 Ke5 71. Kh5 Kf4 72. g5 Qf7+ 0-1

[Event "GER-ch U12"]
[Site "Willingen"]
[Date "2009.06.04"]
[Round "8"]
[White "Bluhm, Sonja Maria"]
[Black "Fell, Fabian"]
[Result "1-0"]
[WhiteElo "1714"]
[BlackElo "1488"]
[PlyCount "45"]
[EventDate "2009.05.30"]
[EventType "swiss"]
[EventRounds "11"]
[EventCountry "GER"]
[SourceTitle "EXT 2010"]
[Source "ChessBase"]
[SourceDate "2010.11.25"]
[SourceVersion "1"]
[SourceVersionDate "2010.11.25"]
[SourceQuality "1"]

1. e4 e5 2. Bc4 Nf6 3. d3 Bc5 4. Nf3 d6 5. c3 0-0 6. Bb3 Nc6 7. Nbd2 Be6 8. h3 Re8 9. Bc2 d5 10. Qe2 dxe4 11. dxe4 Bb6 12. Nf1 Qe7 13. Ng3 Rad8 14. 0-0 Qc5 15. Nd2 Rd7 16. Qf3 Red8 17. b4 Qe7 18. Nb3 Qe8 19. Bg5 Qe7 20. Nh5 Rd6 21. Nxf6+ gxf6 22. Bxf6 Qf8 23. Qg3+ 1-0

[Event "GER-ch U12"]
[Site "Willingen"]
[Date "2009.06.03"]
[Round "6"]
[White "Bosse, Lea"]
[Black "Fell, Fabian"]
[Result "1/2-1/2"]
[WhiteElo "1254"]
[BlackElo "1488"]
[PlyCount "27"]
[EventDate "2009.05.30"]
[EventType "swiss"]
[EventRounds "11"]
[EventCountry "GER"]
[SourceTitle "EXT 2010"]
[Source "ChessBase"]
[SourceDate "2010.11.25"]
[SourceVersion "1"]
[SourceVersionDate "2010.11.25"]
[SourceQuality "1"]

1. e4 e5 2. Nf3 Nf6 3. d4 Nxe4 4. Bd3 d5 5. Nxe5 Nd7 6. Nxd7 Bxd7 7. 0-0 Qh4 8. c4 Bd6 9. g3 Nxg3 10. hxg3 Bxg3 11. fxg3 Qxg3+ 12. Kh1 Qh3+ 13. Kg1 Qg3+ 14. Kh1 1/2-1/2

[Event "Champagne Ardenne op 5th"]
[Site "Champagne Ardenne"]
[Date "2009.05.03"]
[Round "6"]
[White "Rigolot, Lucie"]
[Black "Fell, Fabian"]
[Result "1-0"]
[WhiteElo "1831"]
[BlackElo "1538"]
[PlyCount "45"]
[EventDate "2009.05.01"]
[EventType "swiss"]
[EventRounds "7"]
[EventCountry "FRA"]
[SourceTitle "EXT 2010"]
[Source "ChessBase"]
[SourceDate "2010.11.25"]
[SourceVersion "1"]
[SourceVersionDate "2010.11.25"]
[SourceQuality "1"]

1. e4 e5 2. Nf3 Nf6 3. d4 exd4 4. e5 Nd5 5. Nxd4 Be7 6. Nf5 g6 7. Qxd5 gxf5 8. Bc4 Rf8 9. Bh6 c6 10. Qf3 d5 11. exd6 Qxd6 12. Bxf8 Bxf8 13. 0-0 Be6 14. Bxe6 Qxe6 15. Nc3 Be7 16. Rfe1 Qf6 17. Qg3 Nd7 18. Rad1 Rd8 19. Rd6 Qh8 20. Qe3 Qf8 21. Rh6 Nb6 22. Rxh7 Rd7 23. Qh3 1-0